000
00323nam a2200133Ia 4500
008
191201s2005 xx 000 0 und d
082
_a
540
_b
PUP
100
_a
PURI, B R
245
0
_a
Principles of Physical Chemistry
260
_a
N.Delhi
_b
Vishal Publisher
_c
2005
300
_a
1064
650
_a
Applied
942
_2
ddc
_c
BK
999
_c
2130
_d
2130